Die teuersten Fußballtransfers - Kroatische Fußballspieler - Statistiken

Allgemein
  • Dieses Quiz wurde 112 mal gespielt
  • Das Durchschnittsergebnis liegt bei 7 aus 10
Antwortstatistiken
Ablöse (M €) Saison Abgebender Verein Aufnehmender Verein Spieler % Korrekt
35,00 2012-2013 Tottenham Real Madrid Luka Modric
100%
90,00 2023-2024 RB Leipzig Manchester City Josko Gvardiol
99%
36,80 2021-2022 Dinamo Zagreb RB Leipzig Josko Gvardiol
99%
45,00 2019-2020 Real Madrid FC Chelsea Mateo Kovacic
83%
38,00 2015-2016 Inter Mailand Real Madrid Mateo Kovacic
83%
29,10 2023-2024 FC Chelsea Manchester City Mateo Kovacic
83%
25,00 2023-2024 Stade Rennes VfL Wolfsburg Lovro Majer
62%
25,30 2014-2015 Southampton FC Liverpool Dejan Lovren
51%
30,00 2021-2022 ZSKA Moskau West Ham United Nikola Vlašić
25%
29,40 2016-2017 Dinamo Zagreb Juventus Turin Marko Pjaca
19%
Keine übereinstimmenden Quizze gefunden
Verteilung der Resultate
Anzahl Personen mit jedem Resultat
Perzentil nach korrekt beantworteten Fragen
Ihre Resultats-Entwicklung
Sie haben dieses Quiz noch nicht gespielt